Tự động hóa hệ thống lạnh
Nội dung sách bao gồm : Cơ sở kỹ thuật điện; cơ sở điều khiển điện trong hệ thống lạnh; tự động hóa hệ thống lạnh; các dụng cụ và thiết bị tự động.
Bewaard in:
| Hoofdauteur: | |
|---|---|
| Formaat: | Boek |
| Taal: | Undetermined |
| Gepubliceerd in: |
Hà Nội
Giáo dục
2012
|
| Onderwerpen: | |
| Tags: |
Voeg label toe
Geen labels, Wees de eerste die dit record labelt!
|
| Thư viện lưu trữ: | Trung tâm Học liệu Trường Đại học Cần Thơ |
|---|
| LEADER | 00904nam a2200205Ia 4500 | ||
|---|---|---|---|
| 001 | CTU_207275 | ||
| 008 | 210402s9999 xx 000 0 und d | ||
| 020 | |c 64000 | ||
| 082 | |a 629.8 | ||
| 082 | |b L462 | ||
| 100 | |a Nguyễn, Đức lợi | ||
| 245 | 0 | |a Tự động hóa hệ thống lạnh | |
| 245 | 0 | |c Nguyễn Đức Lợi | |
| 260 | |a Hà Nội | ||
| 260 | |b Giáo dục | ||
| 260 | |c 2012 | ||
| 520 | |a Nội dung sách bao gồm : Cơ sở kỹ thuật điện; cơ sở điều khiển điện trong hệ thống lạnh; tự động hóa hệ thống lạnh; các dụng cụ và thiết bị tự động. | ||
| 650 | |a Automatic control,Low temperature engineering,Điều khiển tự động,Công nghệ điện lạnh | ||
| 904 | |i Tuyến | ||
| 980 | |a Trung tâm Học liệu Trường Đại học Cần Thơ | ||